000 00236nam a2200097Ia 4500
008 240331s9999 xx 000 0 und d
082 _bSAC
100 _aSachchthananthan, S
245 0 _aPenkalin suvadukalilirunthu sila adikal
942 _cL
999 _c1686
_d1686